000
00267nam a2200097Ia 4500
001
800850
005
20250826171026.0
008
250824s9999 xx 000 0 und d
245
0
_a
AFACAN DOMBİLİ TENEFFÜS MAHVOLDU
_c
JOHN SAZAKLIS
260
_b
UĞUR BÖCEĞİ YAYINLARI
999
_c
800850
_d
800850